000 00281nam a2200121Ia 4500
008 190216s9999||||xx |||||||||||||| ||und||
100 _aAntony De Samit Upeay
245 0 _aHindi-Chota Ramkumar
260 _bPragathi Prakashan
300 _a120
650 _aHindi
942 _cBK
999 _c16266
_d16266